000 05448cam a22004574a 4500
999 _c29201
_d29172
001 14167176
003 EG-ScBUE
005 20210621124418.0
008 051108s2007 mauaf f b 001 0 eng d
020 _a1405133554 (hardback : alk. paper)
020 _a9781405133555 (hardback : alk. paper)
035 _a(OCoLC)ocm62290537
035 _a(OCoLC)62290537
040 _aDNLM/DLC
_beng
_erda
_cDLC
_dNLM
_dBAKER
_dBTCTA
_dC#P
_dYDXCP
_dMUQ
_dDLC
_dEG-ScBUE
082 0 4 _a618
_bDEW
_222
245 0 0 _aDewhurst's textbook of obstetrics & gynaecology /
_cedited by D. Keith Edmonds, consultant obstetrician and gynaecologist, Queen Charlotte's and Chelsea Hospital, Goldhawk Road, London, UK.
246 3 _aDewhurst's textbook of obstetrics and gynaecology
246 3 0 _aTextbook of obstetrics and gynaecology
250 _aSeventh edition,
_binternational edition.
264 1 _aMaiden, Massachusetts :
_bBlackwell Publishing,
_c2007.
300 _axiii, 717 pages, [15] pages of plates :
_billustrations (some colpor) ;
_c29 cm
336 _2rdacontent
_atext
_btxt
337 _2rdamedia
_aunmediated
_bn
338 _2rdacarrier
_avolume
_bnc
500 _aRev. ed. of: Dewhurst's textbook of obstetrics and gynaecology for postgraduates. 6th ed. 1999.
504 _aIncludes bibliographical references and index.
505 0 _aClinical anatomy of the pelvis and reproductive tract / Alan Farthing -- Maternal physiology / Fiona Broughton-Pipkin -- The placenta and fetal membranes / Berthold Huppertz and John C.P. Kingdom -- Normal fetal growth / Jason Gardosi -- Pre-conception counselling / Andrew McCarthy -- Antenatal care / Timothy G. Overton -- Normal labour / A.A. Calder -- Fetal monitoring during labour / James A. Low -- Analgesia and anaesthesia / John A. Crowhurst -- Puerperium and lactation / D. Keith Edmonds -- Neonatal care for obstetricians / M.A. Thomson and A.D. Edwards -- Spontaneous miscarriage / Joanne Topping and Roy G. Farquarson -- Recurrent miscarriage / Raj Rai -- Ectopic pregnancy / Davor Jurkovic -- Trophoblast disease / Philip Savage and Michael Seckl -- Prenatal diagnosis and genetics / Sailesh Kumar -- Fetal medicine in clinical practice / R.C. Wimalasundera -- Obstetric emergencies / Sara Paterson-Brown -- Disorders of fetal growth and assessment of fetal well-being / G.C.S. Smith and C.C. Lees -- Multiple pregnancy / Nicholas M. Fisk -- Preterm labour / Philip Bennett -- Prolonged pregnancy / Patricia Crowley -- Induction and augmentation of labour / G. Justus Hofmeyr -- Malpresentation, malposition, cephalopelvic disproportion and obstetric procedures / S. Arulkumaran -- Hypertensive disorders / Andrew Shennan -- Heart disease in pregnancy / Catherine Nelson-Piercy -- Diabetes and endocrine disease in pregnancy / Anne Dornhorst and Catherine Williamson -- Renal disease / John Davison -- Haematological problems in pregnancy / P. Clark, A.J. Thomson and I.A. Greer -- Miscellaneous medical disorders / Andrew McCarthy -- Obstetric statistics / Jim G. Thornton -- Contraception / Anna Glasier -- Termination of pregnancy / Gillian Flett and Allen Templeton -- Normal and abnormal development of the genital tract / D. Keith Edmonds -- The menstrual cycle / William L. Ledger -- The role of ultrasound in gynaecology / Joanne Topping -- Gynaecological disorders of childhood and adolescence / D. Keith Edmonds -- Primary amenorrhoea / D. Keith Edmonds -- Polycystic ovarian syndrome and secondary amenorrhoea / Adam H. Balen -- Menstrual problems: menorrhagia and primary dysmenorrhoea / Margaret C.P. Rees -- Premenstrual syndrome / P.M.S. O'Brien -- Pelvic infection / Jonathan D.C. Ross and Peter Stewart -- Chronic pelvic pain / R. William Stones -- Endometriosis / Stephen Kennedy and Philippe Koninckx -- Infertility / Siladitya Bhattacharya -- Assisted reproduction / Geoffrey Trew -- Menopause and the postmenopausal woman / Nick Panay -- Pelvic floor dysfunction I: uterovaginal prolapse / Anthony R.B. Smith -- Urninary incontinence / D. Robinson and L. Cardozo -- Hysteroscopy and laparoscopy / Adam Magos -- Benign disease of the vulva / Richard Staughton -- Malignant disease of the vulva and vagina / David M. Luesley -- Benign diseases of the vagina, cervix and ovary / D. Keith Edmonds -- Premalignant and malignant disease of the cervix / Mahmood I. Shafi -- Epithelial ovarian cancer / Hani Gabra -- Benign disease of the uterus / Mary Ann Lumsden -- Cancer of the uterine corpus / Henry C. Kitchener -- Sexual dysfunction / Fran Reader -- Ethical dilemmas in obstetrics and gynaecology / Gordon M. Stirrat -- The law and the obstetrician and gynaecologist / Bertie Leigh -- Domestic violence and sexual assault / Maureen Dalton.
650 7 _aGynecology.
_2BUEsh
650 7 _aObstetrics.
_2BUEsh
653 _bGGEN
_cJune2021
655 _vReading book
_934232
700 1 _aEdmonds, D. Keith,
_eeditor.
700 1 _aDewhurst, John,
_cSir,
_d1920-
_eeditor.
730 0 _aDewhurst's textbook of obstetrics and gynaecology for postgraduates.
856 4 1 _3Table of contents only
_uhttp://www.loc.gov/catdir/toc/ecip063/2005032517.html
856 4 2 _3Contributor biographical information
_uhttp://www.loc.gov/catdir/enhancements/fy0827/2005032517-b.html
856 4 2 _3Publisher description
_uhttp://www.loc.gov/catdir/enhancements/fy0827/2005032517-d.html
906 _a7
_bcbc
_corignew
_d1
_eecip
_f20
_gy-gencatlg
942 _2ddc
_cBB